| 000 | 00744cam a2200193 a 4500 | ||
|---|---|---|---|
| 999 |
_c6592 _d6592 |
||
| 020 | _a9780321498052 (alk. paper) | ||
| 020 | _a0321498054 (alk. paper) | ||
| 050 | 0 | 0 |
_aQA76.73.J38 _b.Se3 |
| 100 | 1 | _aSedgewick, Robert, | |
| 245 | 1 | 0 |
_aIntroduction to programming in Java : _ban interdisciplinary approach / _cRobert Sedgewick and Kevin Wayne. |
| 260 |
_aBoston : _bPearson Addison-Wesley, _cc2008. |
||
| 300 |
_axiii, 3-723 p. ; _bill. ; _c24 cm. |
||
| 500 | _aIncludes index. | ||
| 505 | _aElements of programming -- Functions and modules -- Object-oriented programming -- Algorithms and data structures. | ||
| 650 | 0 | _aJava (Computer program language) | |
| 650 | 0 | _aComputer programming. | |
| 700 | 1 | _aWayne, Kevin Daniel, | |
| 942 | _cBK | ||